<?xml version="1.0" encoding="UTF-8"?>
<collection xmlns="http://www.loc.gov/MARC21/slim">
  <record>
    <leader>00000nam  2200000   4500</leader>
    <controlfield tag="001">INLIS000000000011544</controlfield>
    <controlfield tag="005">20211126015954</controlfield>
    <datafield tag="035" ind1="#" ind2="#">
      <subfield code="a">0010-1121000286</subfield>
    </datafield>
    <datafield tag="245" ind1="1" ind2="#">
      <subfield code="a">Delivery Service Distribusi Alat dan Obat Kontrasepsi Berbasis Online Menuju Pelayanan Prima (Di Diskon Om Prima) Dinas Pemberdayaan Perempuan Perlindungan Anak dan Keluarga Berencana (DP3AKB) Kota Balikpapan /</subfield>
      <subfield code="c">SUBERTI, S.ST</subfield>
    </datafield>
    <datafield tag="100" ind1=" " ind2="#">
      <subfield code="a">SUBERTI</subfield>
    </datafield>
    <datafield tag="250" ind1="#" ind2="#">
      <subfield code="a">1</subfield>
    </datafield>
    <datafield tag="300" ind1="#" ind2="#">
      <subfield code="a">x, 37 halaman ; lampiran :</subfield>
      <subfield code="b">ilustrasi ;</subfield>
      <subfield code="c">30 cm</subfield>
    </datafield>
    <datafield tag="260" ind1="#" ind2="#">
      <subfield code="a">Samarinda :</subfield>
      <subfield code="b">Puslatbang KDOD,</subfield>
      <subfield code="c">2021</subfield>
    </datafield>
    <datafield tag="084" ind1="#" ind2="#">
      <subfield code="a">PKP 235 2021</subfield>
    </datafield>
    <datafield tag="650" ind1="#" ind2="#">
      <subfield code="a">Proyek Perubahan</subfield>
    </datafield>
    <datafield tag="650" ind1="#" ind2="#">
      <subfield code="a">Pengawas</subfield>
    </datafield>
    <datafield tag="650" ind1="#" ind2="#">
      <subfield code="a">layanan kesehatan</subfield>
    </datafield>
    <datafield tag="650" ind1="#" ind2="#">
      <subfield code="a">kesehatan masyarakat</subfield>
    </datafield>
    <datafield tag="650" ind1="#" ind2="#">
      <subfield code="a">inovasi kesehatan</subfield>
    </datafield>
    <datafield tag="650" ind1="#" ind2="#">
      <subfield code="a">kontrasepsi</subfield>
    </datafield>
    <datafield tag="650" ind1="#" ind2="#">
      <subfield code="a">teknologi digital</subfield>
    </datafield>
    <datafield tag="650" ind1="#" ind2="#">
      <subfield code="a">aplikasi online</subfield>
    </datafield>
    <datafield tag="520" ind1="#" ind2="#">
      <subfield code="a">Laporan proyek perubahan ini menjelaskan tentang masalah pada pelayanan masih dilakukan secara tatap muka, faskes membawa surat permintaan alokon KB dan mengambil sendiri di kantor DP3AKB kota Balikpapan, serta standar operasional prosedur masih belum diperbaharui. Proyek perubahan DI DISKON OM PRIMA (Delivery Service Distribusi Alat dan Obat Kontrasepsi  Berbasis Online Menuju Pelayanan Prima merupakan layanan DP3AKB Kota Balikpapan yang disediakan untuk membantu fasilitas kesehatan dalam memperoleh pemenuhan alat obat kontrasepsi (alokon) KB melalui permohonan online dan pengantaran dilakukan melalui penyuluh KB dan atau sopir DP3AKB</subfield>
    </datafield>
    <datafield tag="500" ind1="#" ind2="#">
      <subfield code="a">Coach : M. Abdi Rahman, S.Sos, M.Si&#13;
Penguji : Rokip Purnomo, SE &#13;
Mentor : Santi, AMK, M.Hum, M.Kes</subfield>
    </datafield>
    <datafield tag="990" ind1="#" ind2="#">
      <subfield code="a">PKP/235/2021</subfield>
    </datafield>
  </record>
</collection>
